00549nam a2200157Ia 4500008004100000082002000041100001400061245007200075260002900147300001000176630001800186650004700204942000900251952011800260999001300378211109s9999||||xx |||||||||||||| ||und|| a943.6044bBAI-E aBain, F W 0aEnglish Monarchy and Its Substitution a Study in Analytical Politic bUn KnownaMisplacec1994 a226p. xGeneral Stack aGreat BritainvHistory of EnglandxHistory cBOOK 00104070aSBCLbSBCLc2d2021-11-09g100.00l0o943.6044 BAI-Ep00000955r2021-11-09 00:00:00w2021-11-09yBOOK c954d954